000 01205cam a22003377a 4500
003 CHAP
005 20250620110634.0
008 011205d2001 mx r 00110 spa d
010 _a85091
011 _a86063
035 _a96601
040 _cCHAP
090 _aTesis
100 1 0 _aGómez Ramírez, Gaspar
_949871
245 1 0 _aClacificación tecnológica de la agroindustria láctea en el Valle de México
_c/por Gaspar Gómez Ramirez
260 _aChapingo, Méx. :
_bEl autor,
_c2001.
300 _a87 h.
502 _aTesis (Ing. Agroindustrial) -- UACH. Departamento de Ingenieria Agroindustrial
590 _aALEPH
_b10
_c20130110
_lUCH01
_h1444
590 _aBATCH-UPD
_b10
_c20130110
_lUCH01
_h0429
590 _aBATCH-UPD
_b10
_c20130410
_lUCH01
_h0104
590 _aBATCH-UPD
_b10
_c20130914
_lUCH01
_h1549
590 _aCONVERSION
_b10
_c20130109
_lUCH01
_h1347
650 1 4 _aIndustria lechera
_xInnovaciones tecnológicas.
_957843
650 1 4 _aIndustria lechera
_xValle de México.
_957863
901 _aBK
905 _aMayto Villalobos S.
942 _cFOLL
949 _aTesis
_bBC
_cTES
_d33724000858346
_eTS2
_fc.2
_h38762
_i96601
_si
949 _aTesis
_bBC
_cTES
_d966011
_eTS1
_h38761
_i96601
_sb
999 _c85091
_d85091